Music Quiz

Random Music or Musical Quiz

Musical Symbols Quiz Stats

 Plays Quiz Updated Oct 6, 2018

Score 0/14 Timer 03:00
2 Plays Today
% Correct
Half Note
94.2%
Sharp
93.7%
Flat
93.6%
Quarter Note
92.9%
Treble Clef
90.6%
Whole Note
88.9%
Bass Clef
86%
% Correct
Forte
85.6%
Eighth Note
84.1%
Piano
82.3%
Natural
70.4%
Fortissimo
67.7%
Pianissimo
66.5%
Staccato
49.5%

You're not logged in!

Compare scores with friends on all Sporcle quizzes.
OR
Log In

Sporcle TV

Today on Sporcle TV


Watch our educational content, quiz creation guides, and fun videos on Sporcle TV.

Show Comments

Extras

Top Quizzes Today


Score Distribution

Your Account Isn't Verified!

In order to create a playlist on Sporcle, you need to verify the email address you used during registration. Go to your Sporcle Settings to finish the process.

Report this User

Report this user for behavior that violates our Community Guidelines.

Details: